Webinars en directo

Detalles Bibliográficos
Formato: eBook
Lenguaje:español
Publicado: Barcelona: Editorial vLex, 2022
Materias:
Acceso en línea:Acceso restringido

MARC

LEADER 00000nam a22000007a 4500
005 20221012212137.0
007 cr|||| ||||
008 221012s2022 es |||||s|||| 00||0 spa d
035 |a 36528 
040 |a vLex 
090 |c 14014  |d 14014 
245 0 0 |a Webinars en directo  |h [Recurso electrn̤ico] / 
256 |a Servicio en ln̕ea 
260 |a Barcelona:  |b Editorial vLex,  |c 2022 
300 |a 1 recurso electrn̤ico 
506 1 |a Disponible solo en los productos indicados  |d vLex Global  |d vLex Global (Academic Edition, excluding Law Schools)  |d vLex Global (U.S. Academic Edition, Law Schools)  |d vLex Global (U.S. Academic Edition, excluding Law Schools)  |d vLex Global (Academic Edition, Law Schools) 
650 0 4 |a Derecho Civil  |z Espaą 
650 0 4 |a Derecho Mercantil y de la Empresa  |z Espaą 
650 0 4 |a Derecho Laboral y Seguridad Social  |z Espaą 
650 0 4 |a Derecho Penal  |z Espaą 
650 0 4 |a Derecho Fiscal  |z Espaą 
650 0 4 |a Derecho Pb︢lico y Administrativo  |z Espaą 
740 0 |a Prc̀ticos vLex (Servicio en ln̕ea) 
856 4 0 |u https://app.vlex.com/#/sources/36528  |z Acceso restringido 
942 |c BOOK 
999 0 |a Civil Law 
999 0 |a Commercial and Company Law 
999 0 |a Labor Law and Social Security 
999 0 |a Criminal Law 
999 0 |a Tax Law 
999 0 |a Public and Administrative Law